[Event "East Lansing (MI Op/2/40)"]
[Site "?"]
[Date "1993.??.??"]
[Round "?"]
[White "Taborsky, M."]
[Black "Aldrich, Jeff"]
[Result "0-1"]
[WhiteElo "1605"]
[BlackElo "1900"]
[PlyCount "66"]
[EventDate "1993.??.??"]

{2/(40)} 1. e4 c6 2. d4 d5 3. e5 Bf5 4. Bd3 Bxd3 5. Qxd3 e6 6. Ne2 Ne7 7. Ng3
Nd7 8. O-O Qb6 9. Nc3 a6 10. a3 c5 11. Na4 Qc7 12. Nxc5 Nxc5 13. dxc5 Nc6 14.
f4 Bxc5+ 15. Kh1 O-O 16. b4 Ba7 17. Be3 Rac8 18. Bxa7 Nxa7 19. Rf2 Qc3 20. Rd1
Nb5 21. a4 Na3 22. h3 Qxb4 23. Ne2 Rxc2 24. f5 exf5 25. Ra1 Rfc8 26. Qxa3 Qc4
27. Qf3 g6 28. g4 Qe4 29. Raf1 Qxf3+ 30. Rxf3 Rxe2 31. gxf5 Rcc2 32. Rg3 Rxe5
33. fxg6 hxg6 0-1

[Event "Flint (MI Jr/1)"]
[Site "?"]
[Date "1993.??.??"]
[Round "?"]
[White "Sweet, J."]
[Black "Young, O."]
[Result "1/2-1/2"]
[WhiteElo "1605"]
[BlackElo "1605"]
[PlyCount "108"]
[EventDate "1993.??.??"]

1. e4 d5 2. Nc3 d4 3. Na4 e5 4. c3 d3 5. c4 Qh4 6. Bxd3 Nf6 7. g3 Qg4 8. Qxg4
Bxg4 9. c5 Nc6 10. Bb5 O-O-O 11. Bxc6 bxc6 12. h4 Nxe4 13. Nh3 Bxh3 14. Rxh3
Bxc5 15. Nxc5 Nxc5 16. b3 a5 17. g4 Nd3+ 18. Kf1 Nxc1 19. Rxc1 Rxd2 20. Rxc6
Rxa2 21. Rhc3 Kb7 22. Rxc7+ Kb6 23. Rxf7 e4 24. Rxg7 Rd8 25. Re3 Ra1+ 26. Re1
Rdd1 27. Rxd1 Rxd1+ 28. Ke2 Rd3 29. Re7 Rxb3 30. Rxe4 Rb2+ 31. Kf1 Rb1+ 32. Re1
Rb4 33. Re6+ Kb5 34. Rh6 Rxg4 35. Rxh7 Rd4 36. h5 a4 37. h6 a3 38. Rb7+ Kc6 39.
Rb1 Rh4 40. Ra1 Rh1+ 41. Kg2 Rxa1 42. h7 a2 43. h8=Q Rb1 44. Qa8+ Kc5 45. Qxa2
Rb4 46. Qa5+ Rb5 47. Qxb5+ Kxb5 48. f4 Kc6 49. Kg3 Kd7 50. Kg4 Ke7 51. Kg5 Kf7
52. f5 Kg7 53. f6+ Kf7 54. Kf5 Kf8 1/2-1/2

[Event "Flint (MI Jr/5)"]
[Site "?"]
[Date "1993.??.??"]
[Round "?"]
[White "Sweet, J."]
[Black "Palmerton, W."]
[Result "1-0"]
[WhiteElo "1605"]
[BlackElo "1605"]
[PlyCount "43"]
[EventDate "1993.??.??"]

1. e4 e5 2. Nf3 Nf6 3. d4 exd4 4. Nxd4 Bc5 5. Bc4 d5 6. exd5 Nxd5 7. Bxd5 Qxd5
8. Qe2+ Be6 9. Nxe6 fxe6 10. O-O Nd7 11. Nc3 Qd4 12. Qxe6+ Kd8 13. Be3 Qb4 14.
Rad1 Bd6 15. Bg5+ Kc8 16. Rfe1 b6 17. Qd5 c6 18. Qxc6+ Kb8 19. Rxd6 Nc5 20.
Rd8+ Rxd8 21. Bxd8 Qxb2 22. Qc7# 1-0

[Event "Flint (MI Jr/4)"]
[Site "?"]
[Date "1993.??.??"]
[Round "?"]
[White "Sweet, J."]
[Black "Holdcraft, J."]
[Result "0-1"]
[WhiteElo "1605"]
[BlackElo "1605"]
[PlyCount "100"]
[EventDate "1993.??.??"]

1. e4 e5 2. Nf3 Nf6 3. Nc3 Bb4 4. Nxe5 Bxc3 5. dxc3 d6 6. Nf3 Nxe4 7. Qd4 O-O
8. Bd3 Nf6 9. Bg5 Qe8+ 10. Qe3 Ng4 11. Qxe8 Rxe8+ 12. Be2 Nc6 13. h3 Nge5 14.
O-O Bf5 15. Nxe5 Rxe5 16. Rae1 Bxc2 17. Bf4 Re4 18. Bg3 Rae8 19. f4 Rxe2 20.
Rxe2 Rxe2 21. Rf2 Rxf2 22. Bxf2 b5 23. Bd4 a5 24. Kf2 b4 25. Ke2 bxc3 26. Bxc3
d5 27. Kd2 Be4 28. Ke3 f5 29. a3 Kf7 30. g4 fxg4 31. hxg4 a4 32. Bb4 g6 33. f5
gxf5 34. gxf5 Bxf5 35. Kf4 Kg6 36. Kg3 d4 37. Bc3 dxc3 38. bxc3 h5 39. Kh4 Bg4
40. c4 Ne5 41. c5 Kf5 42. c6 Nf3+ 43. Kg3 h4+ 44. Kg2 Kf4 45. Kh1 Nd2 46. Kg1
h3 47. Kh1 Bf3+ 48. Kg1 Ke3 49. Kh2 Bg2 50. Kg1 Nf3# 0-1

[Event "East Lansing (MOR/2/21)"]
[Site "?"]
[Date "1993.??.??"]
[Round "?"]
[White "Swathell, Gary"]
[Black "Kenworthy, Matt"]
[Result "1-0"]
[WhiteElo "1660"]
[BlackElo "1605"]
[PlyCount "67"]
[EventDate "1993.??.??"]

{2/(21)} 1. c4 e5 2. Nc3 Bc5 3. g3 d6 4. Bg2 a6 5. Nf3 Nf6 6. O-O O-O 7. d4
exd4 8. Nxd4 c6 9. Bg5 h6 10. Bf4 d5 11. cxd5 cxd5 12. Bxb8 Rxb8 13. e3 Re8 14.
Nb3 d4 15. Nxd4 Bxd4 16. exd4 Ng4 17. d5 b5 18. a3 Bb7 19. Qxg4 Qd6 20. Rfe1
Red8 21. Rad1 Ba8 22. Qd4 b4 23. axb4 Rxb4 24. Qd2 Qc5 25. Re4 Rb3 26. Rde1 Kf8
27. Qe2 Qc8 28. Re7 Rb8 29. Qh5 g6 30. Qxh6+ Kg8 31. Ne4 Rb6 32. Ng5 Qf5 33.
Re8+ Rxe8 34. Rxe8# 1-0

[Event "East Lansing (MOR/6/19)"]
[Site "?"]
[Date "1993.??.??"]
[Round "?"]
[White "Swathell, Gary"]
[Black "Davis, Ralph"]
[Result "1-0"]
[WhiteElo "1660"]
[BlackElo "1605"]
[PlyCount "35"]
[EventDate "1993.??.??"]

{6/(19)} 1. c4 Nf6 2. Nc3 e6 3. Nf3 c5 4. g3 Nc6 5. Bg2 b6 6. O-O Bb7 7. e3 Rb8
8. d4 Be7 9. d5 exd5 10. cxd5 Nb4 11. d6 Bf8 12. Re1 Nbd5 13. Nxd5 Bxd5 14. e4
Bb7 15. Ne5 g6 16. Qb3 Nd5 17. exd5 Qc8 18. Nc6+ 1-0

[Event "East Lansing (MOR/4/19)"]
[Site "?"]
[Date "1993.??.??"]
[Round "?"]
[White "Swathell, Gary"]
[Black "Boyle, John"]
[Result "0-1"]
[WhiteElo "1660"]
[BlackElo "1605"]
[PlyCount "108"]
[EventDate "1993.??.??"]

{4/(19)} 1. c4 c5 2. Nc3 Nf6 3. Nf3 Nc6 4. g3 e6 5. Bg2 d5 6. cxd5 exd5 7. d4
Ne4 8. O-O Be6 9. Bf4 Qd7 10. dxc5 Bxc5 11. Nxe4 dxe4 12. Ne5 Nxe5 13. Bxe5 f6
14. Bc3 Qc6 15. e3 O-O 16. Qc2 f5 17. b4 Bxb4 18. Rfc1 Rfc8 19. Bxb4 Qxc2 20.
Rxc2 Rxc2 21. a3 Rac8 22. Bf1 Rc1 23. Rxc1 Rxc1 24. Kg2 Bc4 25. Bxc4+ Rxc4 26.
Be7 Kf7 27. Bd6 Rc6 28. Bb4 b6 29. g4 fxg4 30. Kg3 a5 31. Bd2 Rc2 32. Be1 h5
33. Kf4 Ra2 34. Kxe4 Rxa3 35. Kd4 Ke6 36. Kc4 g6 37. Kb5 Ra1 38. Bc3 Rf1 39.
Kxb6 Rxf2 40. Bxa5 Rxh2 41. e4 Re2 42. Kc6 Rxe4 43. Bc7 g5 44. Kc5 Re5+ 45. Kd4
Rf5 46. Ke3 h4 47. Bh2 g3 48. Bg1 h3 49. Ke2 h2 50. Bxh2 gxh2 51. Kd3 h1=Q 52.
Kd2 Qd5+ 53. Ke3 Rf3+ 54. Ke2 Qd3+ 0-1

[Event "Flint (Class B/4)"]
[Site "?"]
[Date "1993.??.??"]
[Round "?"]
[White "Swartz, J."]
[Black "Raupp, Kenneth L"]
[Result "0-1"]
[WhiteElo "1605"]
[BlackElo "1650"]
[PlyCount "64"]
[EventDate "1993.??.??"]

1. d4 e6 2. c4 f5 3. Nf3 Bb4+ 4. Nc3 Bxc3+ 5. bxc3 Nf6 6. d5 d6 7. Ng5 e5 8.
Ne6 Bxe6 9. dxe6 Qe7 10. Qb3 c6 11. c5 d5 12. Be3 f4 13. Bd2 Na6 14. c4 Nxc5
15. Qb4 Nxe6 16. Qa4 Nc5 17. Qa3 Nd3+ 18. Qxd3 e4 19. Qb3 O-O 20. cxd5 Nxd5 21.
e3 Kh8 22. exf4 Nxf4 23. Rc1 Nd3+ 24. Bxd3 exd3+ 25. Be3 Rxf2 26. Qxd3 Rxg2 27.
Rc2 Rxc2 28. Qxc2 Qxe3+ 29. Qe2 Qc1+ 30. Qd1 Re8+ 31. Kf2 Qf4+ 32. Kg2 Rf8 0-1

[Event "Flint (Class B/2)"]
[Site "?"]
[Date "1993.??.??"]
[Round "?"]
[White "Swartz, J."]
[Black "Grzegorczyk, Ron"]
[Result "0-1"]
[WhiteElo "1605"]
[BlackElo "1670"]
[PlyCount "98"]
[EventDate "1993.??.??"]

1. d4 d5 2. c4 c6 3. Nf3 Nf6 4. Nc3 e6 5. e3 a6 6. Bd2 Be7 7. Be2 O-O 8. O-O
Nbd7 9. cxd5 exd5 10. Rc1 Ne4 11. Nxe4 dxe4 12. Ne1 f5 13. f3 Nf6 14. fxe4 Nxe4
15. Qb3+ Kh8 16. Bb4 a5 17. Bxe7 Qxe7 18. Rc2 Be6 19. Bc4 Bxc4 20. Qxc4 Rae8
21. Nd3 Nd6 22. Qc3 Qxe3+ 23. Nf2 Nb5 24. Qxa5 Nxd4 25. Rd2 b6 26. Qc3 Ne2+ 27.
Rxe2 Qxe2 28. Qxc6 Qxb2 29. a4 Rc8 30. Qd6 Qf6 31. Qd7 Qc6 32. Qd4 Ra8 33. Qb4
Qc5 34. Qb3 Rfd8 35. Kh1 Rd2 36. Qf3 Rad8 37. Nd1 Qd5 38. Ne3 Qxf3 39. gxf3 g6
40. Nc4 Rd1 41. Rxd1 Rxd1+ 42. Kg2 Rb1 43. Nd6 Ra1 44. Nc4 Rb1 45. Nd6 Rb4 46.
Nc8 Kg7 47. Kg3 Kf7 48. h3 Ke8 49. Nd6+ Ke7 0-1

[Event "Gaylord (NMO/3/15)"]
[Site "?"]
[Date "1993.??.??"]
[Round "?"]
[White "Sussex, P."]
[Black "Smalec, John"]
[Result "0-1"]
[WhiteElo "1605"]
[BlackElo "1700"]
[PlyCount "66"]
[EventDate "1993.??.??"]

{3/(15)} 1. e4 e6 2. d4 d5 3. exd5 exd5 4. Nf3 Bd6 5. Bb5+ c6 6. Bd3 Ne7 7. O-O
Bg4 8. h3 Bh5 9. g4 Bg6 10. Re1 Nd7 11. Bg5 f6 12. Bh4 Qc7 13. Kg2 O-O-O 14.
Bg3 Bxd3 15. Qxd3 Ng6 16. c4 dxc4 17. Qxc4 Nb6 18. Qb3 Nd5 19. Na3 Ngf4+ 20.
Kh2 Kb8 21. Nc4 Bf8 22. a4 h5 23. gxh5 Rxh5 24. Ng1 g5 25. Qf3 Qh7 26. Bxf4+
Nxf4 27. Re3 Qc2 28. b3 Qf5 29. Rae1 Bb4 30. Re8 Rh8 31. Rxd8+ Rxd8 32. Rd1 Rh8
33. Rd3 Qxd3 0-1

[Event "Gaylord (NMO/2/21)"]
[Site "?"]
[Date "1993.??.??"]
[Round "?"]
[White "Sussex, P."]
[Black "Rosebrook, G."]
[Result "1-0"]
[WhiteElo "1605"]
[BlackElo "1605"]
[PlyCount "75"]
[EventDate "1993.??.??"]

{2/(21)} 1. e4 c5 2. Bc4 e6 3. Nc3 Nc6 4. Nf3 g6 5. d3 Bh6 6. Bxh6 Nxh6 7. d4
cxd4 8. Nxd4 Qb6 9. Nxc6 bxc6 10. Bb3 Ba6 11. Ne2 Ng4 12. O-O Ne5 13. h3 c5 14.
Re1 Nc6 15. c3 Ne5 16. Qd2 h5 17. Rad1 Nd3 18. Rf1 Rd8 19. c4 Ne5 20. Qc3 Qc7
21. f4 Ng4 22. Qxh8+ Ke7 23. Qc3 Nf6 24. f5 gxf5 25. exf5 e5 26. Rde1 d6 27.
Ng3 Bb7 28. Bd1 Rg8 29. Rf2 h4 30. Nh5 Qc6 31. Bf3 Qc7 32. Nxf6 Kxf6 33. Bxb7
Qxb7 34. Qd2 Qc6 35. Qh6+ Ke7 36. Qxh4+ Kd7 37. Qf6 Rf8 38. Rd2 1-0

[Event "Eastpointe (EDO/1a/6)"]
[Site "?"]
[Date "1993.??.??"]
[Round "?"]
[White "Sunts, A."]
[Black "Ward, Tim"]
[Result "0-1"]
[WhiteElo "1605"]
[BlackElo "1885"]
[PlyCount "98"]
[EventDate "1993.??.??"]

1. e4 e6 2. d4 d5 3. e5 c5 4. Nf3 cxd4 5. Qxd4 Nc6 6. Bb5 Bd7 7. Bxc6 bxc6 8.
O-O Ne7 9. b4 Qc7 10. Ba3 Nf5 11. Qc3 a5 12. b5 Bxa3 13. Nxa3 Rc8 14. Rab1 cxb5
15. Qxc7 Rxc7 16. Nxb5 Bxb5 17. Rxb5 O-O 18. g4 Ne7 19. Rxa5 Rxc2 20. Ra7 Ng6
21. Ra4 Re2 22. h3 Nxe5 23. Nxe5 Rxe5 24. Rb1 h6 25. Kg2 Rd8 26. Rd1 Re2 27. a3
Rc8 28. Rad4 Ra2 29. Ra4 g5 30. Rd3 Rc7 31. Ra6 Rc4 32. Rf3 Kg7 33. Ra7 Rf4 34.
Rxf4 gxf4 35. a4 e5 36. a5 e4 37. a6 e3 38. Re7 Rxf2+ 39. Kg1 Ra2 40. a7 d4 41.
Rd7 f3 42. Rxd4 Rxa7 43. Re4 Ra1+ 44. Kh2 e2 45. g5 hxg5 46. h4 e1=Q 47. hxg5
Qg1+ 48. Kh3 Qg2+ 49. Kh4 Rh1# 0-1

[Event "Eastpointe (EDO/4/15)"]
[Site "?"]
[Date "1993.??.??"]
[Round "?"]
[White "Sunts, A."]
[Black "Franke, R."]
[Result "1-0"]
[WhiteElo "1605"]
[BlackElo "1800"]
[PlyCount "56"]
[EventDate "1993.??.??"]

{4/(15)} 1. e4 c5 2. Bc4 e6 3. Nf3 a6 4. O-O b5 5. Be2 Bb7 6. d3 d5 7. exd5
Bxd5 8. c4 Bb7 9. Bf4 Nf6 10. Bxb8 Rxb8 11. b3 Bd6 12. h3 O-O 13. Nbd2 Qe7 14.
d4 Rfd8 15. dxc5 Bxc5 16. Qc2 Rbc8 17. Kh1 Ba3 18. Rad1 Qc7 19. Qc3 a5 20. Qe5
bxc4 21. Qxc7 Rxc7 22. Nxc4 Rxd1 23. Rxd1 Be7 24. Nxa5 Bxf3 25. Bxf3 Rc2 26. a4
Rxf2 27. Rc1 g6 28. Nc6 Ba3 {[1-0,51?]} 1-0

[Event "Troy (TCC/C/2/6)"]
[Site "?"]
[Date "1993.??.??"]
[Round "?"]
[White "Sunts, A."]
[Black "Aydar, A."]
[Result "0-1"]
[WhiteElo "1605"]
[BlackElo "1605"]
[PlyCount "104"]
[EventDate "1993.??.??"]

{2/(6)} 1. e4 c5 2. Nf3 Nc6 3. Bc4 g6 4. c3 Bg7 5. O-O e6 6. d3 Nge7 7. Bf4 O-O
8. Bd6 Re8 9. Bxc5 d6 10. Be3 d5 11. exd5 exd5 12. Bb5 Bg4 13. h3 Bf5 14. d4
Qb6 15. Bxc6 Nxc6 16. Qc1 Re6 17. Nbd2 Qc7 18. Nb3 Rae8 19. Re1 b6 20. a4 Rf6
21. Bf4 Rxe1+ 22. Nxe1 Qd7 23. Nf3 Bxh3 24. g3 Qg4 25. Nh2 Qe2 26. Qd2 Qc4 27.
Nc1 Nd8 28. Nd3 Ne6 29. Ne5 Qc8 30. Qe3 Nxf4 31. gxf4 Bh6 32. Qf3 Bxf4 33. Qxd5
Bxh2+ 34. Kxh2 Rxf2+ 35. Kg3 Rg2+ 36. Qxg2 Bxg2 37. Kxg2 Qf5 38. Rf1 Qg5+ 39.
Kh1 f5 40. Rf2 Qh4+ 41. Kg2 Kg7 42. Kg1 f4 43. Kg2 g5 44. Kg1 Qg3+ 45. Rg2 Qe1+
46. Kh2 h6 47. c4 Qe4 48. Ng4 f3 49. Rg3 f2 50. Nxf2 Qxd4 51. Kg1 Qxb2 52. Ne4
Qb1+ 0-1

[Event "Lansing (MI Am/4)"]
[Site "?"]
[Date "1993.??.??"]
[Round "?"]
[White "Sundeen, David"]
[Black "Wisckol, Richard"]
[Result "1-0"]
[WhiteElo "1605"]
[BlackElo "1850"]
[PlyCount "91"]
[EventDate "1993.??.??"]

1. e4 c5 2. Nc3 d6 3. g3 Nf6 4. Bg2 g6 5. d3 Bg7 6. h3 O-O 7. Be3 Nc6 8. Qd2
Be6 9. Bh6 Nb4 10. Bxg7 Kxg7 11. Nf3 Qc8 12. a3 Nc6 13. g4 a6 14. Ng5 h6 15.
Nxe6+ fxe6 16. O-O Qc7 17. Ne2 d5 18. g5 hxg5 19. exd5 exd5 20. Qxg5 e5 21. f4
Nh7 22. Qg3 Ne7 23. fxe5 Nf5 24. Nf4 Nxg3 25. Ne6+ Kh6 26. Nxc7 Rxf1+ 27. Rxf1
Nxf1 28. Nxa8 Ne3 29. Nc7 Kg5 30. Nxd5 Nxg2 31. e6 Nf6 32. Nxf6 Kxf6 33. Kxg2
Kxe6 34. Kf3 Kf5 35. c3 b6 36. b4 cxb4 37. cxb4 a5 38. d4 axb4 39. axb4 b5 40.
h4 Ke6 41. Ke4 Kd6 42. d5 Ke7 43. Ke5 Kd7 44. d6 Ke8 45. Ke6 Kd8 46. d7 1-0

[Event "Lansing (MI Am/3)"]
[Site "?"]
[Date "1993.??.??"]
[Round "?"]
[White "Sundeen, David"]
[Black "Ward, Tim"]
[Result "1/2-1/2"]
[WhiteElo "1605"]
[BlackElo "1885"]
[PlyCount "42"]
[EventDate "1993.??.??"]

1. e4 e6 2. d4 d5 3. Nd2 c5 4. exd5 Qxd5 5. Ngf3 cxd4 6. Bc4 Qd6 7. O-O Nf6 8.
Nb3 Nc6 9. Nbxd4 Nxd4 10. Qxd4 Bd7 11. Qxd6 Bxd6 12. Rd1 Ke7 13. Re1 Rac8 14.
Bd3 Rhd8 15. Be3 a6 16. Bd4 Bc6 17. Bb6 Bc7 18. Bc5+ Bd6 19. Bb6 Bc7 20. Bc5+
Bd6 21. Bb6 Bc7 1/2-1/2

[Event "East Lansing (MOR/1a/10)"]
[Site "?"]
[Date "1993.??.??"]
[Round "?"]
[White "Sundeen, David"]
[Black "Repas, B."]
[Result "1-0"]
[WhiteElo "1695"]
[BlackElo "1605"]
[PlyCount "27"]
[EventDate "1993.??.??"]

1. e4 c5 2. Nc3 Nc6 3. g3 g6 4. Bg2 Bg7 5. d3 Rb8 6. Be3 d6 7. Qd2 b5 8. Rb1 b4
9. Nce2 Na5 10. Nf3 c4 11. O-O c3 12. bxc3 bxc3 13. Nxc3 Qc7 14. Nd5 1-0

[Event "East Lansing (MOR/5/25)"]
[Site "?"]
[Date "1993.??.??"]
[Round "?"]
[White "Sundeen, David"]
[Black "Reist, Douglas"]
[Result "1-0"]
[WhiteElo "1695"]
[BlackElo "1605"]
[PlyCount "70"]
[EventDate "1993.??.??"]

{5/(25)} 1. e4 c5 2. Nc3 e6 3. g3 d6 4. Bg2 Nf6 5. d3 Qc7 6. Nf3 a6 7. O-O Be7
8. Be3 O-O 9. Qd2 Ng4 10. Bg5 f6 11. Bf4 b5 12. h3 b4 13. Ne2 e5 14. hxg4 exf4
15. Nxf4 Bxg4 16. Nd5 Qd8 17. c3 a5 18. a3 Nc6 19. d4 bxc3 20. bxc3 f5 21. Nh2
Bg5 22. f4 Bf6 23. Nxf6+ Qxf6 24. e5 dxe5 25. dxe5 Rad8 26. Qa2+ Qf7 27. Qxf7+
Kxf7 28. Nxg4 Ne7 29. Nf2 Ke6 30. Rfd1 h6 31. Nd3 Rc8 32. Nb2 Rfd8 33. Nc4 Nd5
34. Bxd5+ Rxd5 35. Rxd5 Kxd5 1-0

[Event "Lansing (MI Am/1)"]
[Site "?"]
[Date "1993.??.??"]
[Round "?"]
[White "Sundeen, David"]
[Black "O'Ryan, C."]
[Result "1-0"]
[WhiteElo "1605"]
[BlackElo "1605"]
[PlyCount "125"]
[EventDate "1993.??.??"]

1. e4 Nf6 2. e5 Nd5 3. Nf3 d6 4. exd6 cxd6 5. d4 g6 6. Be2 Bg7 7. O-O Nc6 8. c3
O-O 9. Re1 e5 10. dxe5 dxe5 11. Nbd2 Re8 12. Nf1 Bf5 13. Bc4 Be6 14. Ng5 Nc7
15. Nxe6 Qxd1 16. Rxd1 Nxe6 17. Be3 a6 18. Bb6 Rac8 19. Rd7 Ncd4 20. Bxa6 bxa6
21. cxd4 Nxd4 22. Ne3 Ne2+ 23. Kf1 Nf4 24. Rad1 e4 25. g3 Ne6 26. b3 Nc5 27.
Bxc5 Rxc5 28. Nc4 f5 29. Ra7 Rc6 30. Rdd7 Bf6 31. Rxh7 Rce6 32. Rhd7 R8e7 33.
Rxe7 Bxe7 34. h4 Kg7 35. Ke2 Kf6 36. Ra8 Kg7 37. Ra7 Kf6 38. Rb7 Rc6 39. Ne3
Bc5 40. Nc4 Be7 41. Rb8 Kg7 42. Ke3 Bc5+ 43. Ke2 Be7 44. f3 exf3+ 45. Kxf3 Bd6
46. Ra8 Bc7 47. Rc8 Rc5 48. Ra8 Rc6 49. Ra7 Kf6 50. Ra8 Kg7 51. Re8 Kf7 52.
Ne5+ Bxe5 53. Rxe5 Rc2 54. Re2 Rxe2 55. Kxe2 Ke6 56. Kd3 Kd5 57. b4 Kc6 58. Kc4
Kb6 59. a4 Kc6 60. Kd4 Kd6 61. b5 axb5 62. axb5 Kc7 63. Ke5 1-0

[Event "East Lansing (MOR/7/15)"]
[Site "?"]
[Date "1993.??.??"]
[Round "?"]
[White "Sundeen, David"]
[Black "Horn, K."]
[Result "0-1"]
[WhiteElo "1695"]
[BlackElo "1605"]
[PlyCount "78"]
[EventDate "1993.??.??"]

{7/(15)} 1. e4 c5 2. Nc3 Nf6 3. g3 b6 4. Bg2 Bb7 5. d3 d6 6. Nf3 g6 7. O-O Bg7
8. h3 O-O 9. Be3 a6 10. Qd2 b5 11. Bh6 Qb6 12. Bxg7 Kxg7 13. a4 b4 14. Ne2 e5
15. c3 Nc6 16. Qe3 Na5 17. Nd2 bxc3 18. bxc3 Bc6 19. Rfb1 Qc7 20. d4 cxd4 21.
cxd4 Rab8 22. dxe5 dxe5 23. Qc3 Rxb1+ 24. Rxb1 Nb7 25. f4 Nd7 26. fxe5 Nxe5 27.
Nc4 f6 28. Nd4 Bd7 29. Rc1 Rc8 30. Bf1 Nd6 31. Qb4 Nexc4 32. Bxc4 a5 33. Qa3
Qb6 34. Qe3 Nxc4 35. Qd3 Nb2 36. Qd2 Rxc1+ 37. Qxc1 Qxd4+ 38. Kg2 Qxe4+ 39. Kg1
Qd4+ 0-1

[Event "East Lansing (MOR/3/22)"]
[Site "?"]
[Date "1993.??.??"]
[Round "?"]
[White "Sundeen, David"]
[Black "Gaiefsky, S."]
[Result "1-0"]
[WhiteElo "1695"]
[BlackElo "1605"]
[PlyCount "79"]
[EventDate "1993.??.??"]

{3/(22)} 1. e4 g6 2. d4 Bg7 3. Nf3 d6 4. Be2 Nf6 5. Nc3 O-O 6. O-O Nc6 7. h3 e5
8. Be3 b6 9. dxe5 Nxe5 10. Nxe5 dxe5 11. Qxd8 Rxd8 12. Rad1 Bb7 13. f3 a6 14.
g4 h5 15. Bg5 Rd6 16. Rxd6 cxd6 17. Rd1 Nh7 18. Be7 Re8 19. Bxd6 Ng5 20. Kg2
Ne6 21. Bc4 Nf4+ 22. Kh2 hxg4 23. hxg4 Bf6 24. Nd5 Bxd5 25. Bxd5 Kg7 26. Kg3
Rh8 27. g5 Ne2+ 28. Kg4 Bxg5 29. Bxe5+ Bf6 30. Bxf6+ Kxf6 31. Bc4 Rc8 32. Bxe2
Rxc2 33. Bxa6 Rxb2 34. Bc4 Rg2+ 35. Kf4 Rc2 36. Bb3 g5+ 37. Kg3 Rc6 38. Rd7 Re6
39. Bxe6 Kxe6 40. Rb7 1-0

[Event "Troy (TCC/A/2/3)"]
[Site "?"]
[Date "1993.??.??"]
[Round "?"]
[White "Sukcharoenphon, T."]
[Black "Golonka, Stan"]
[Result "1/2-1/2"]
[WhiteElo "1900"]
[BlackElo "1960"]
[PlyCount "54"]
[EventDate "1993.??.??"]

{2/(3)} 1. e4 c5 2. Nf3 Nc6 3. d4 cxd4 4. Nxd4 e5 5. Nb3 Nf6 6. Bd3 d5 7. N1d2
dxe4 8. Nxe4 Nxe4 9. Bxe4 Qxd1+ 10. Kxd1 Bg4+ 11. f3 O-O-O+ 12. Ke2 Be6 13. Be3
Kb8 14. Bxc6 bxc6 15. Nd2 Be7 16. b3 Bb4 17. Rad1 Bf5 18. Ne4 Rhf8 19. c4 f6
20. a3 Be7 21. b4 Rxd1 22. Rxd1 Rd8 23. Rxd8+ Bxd8 24. Nd6 Bg6 25. g4 Bb6 26.
Bxb6 axb6 27. Ke3 c5 1/2-1/2

[Event "Troy (TCC/A/5/3)"]
[Site "?"]
[Date "1993.??.??"]
[Round "?"]
[White "Sukcharoenphon, T."]
[Black "Bauerle, Paul"]
[Result "0-1"]
[WhiteElo "1900"]
[BlackElo "1940"]
[PlyCount "137"]
[EventDate "1993.??.??"]

{5/(3)} 1. e4 e6 2. d4 d5 3. Nd2 Nf6 4. Bd3 c5 5. dxc5 Bxc5 6. exd5 Qxd5 7.
Ngf3 Nc6 8. O-O O-O 9. Nb3 Bb6 10. Bf4 e5 11. Bg5 e4 12. Bxf6 gxf6 13. Be2 Qxd1
14. Rfxd1 exf3 15. Bxf3 Bf5 16. c3 Rad8 17. Bxc6 bxc6 18. Nd4 Be4 19. f3 Bd5
20. Kh1 Rfe8 21. b3 c5 22. Nf5 Be6 23. Ng3 Re7 24. Ne4 Rxd1+ 25. Rxd1 Kg7 26.
c4 Bf5 27. Nd6 Bc2 28. Rc1 Re2 29. Nb5 Bg6 30. a3 Rb2 31. h4 Rxb3 32. Kh2 a6
33. Nd6 Rxa3 34. Kh3 Bc7 35. Ne8+ Kh6 36. Nxc7 Bd3 37. Nd5 Kg7 38. Nf4 Bf5+ 39.
Kg3 Ra2 40. Nd5 a5 41. Ne3 Be6 42. Kf4 a4 43. g4 Rd2 44. Rc3 Rd4+ 45. Kg3 Kg6
46. f4 f5 47. h5+ Kf6 48. g5+ Ke7 49. Kf3 Kd7 50. Rc2 Kc6 51. Rb2 Bxc4 52. Rb8
Be6 53. Ra8 Rb4 54. g6 fxg6 55. hxg6 hxg6 56. Ra6+ Kd7 57. Ra7+ Ke8 58. Ra6 Bf7
59. Ra7 c4 60. Nc2 Rb3+ 61. Ke2 Rb2 62. Kd2 Ra2 63. Kc3 Be6 64. Nb4 Ra3+ 65.
Kd4 c3 66. Nc2 Ra2 67. Kxc3 Bb3 68. Nd4 Rf2 69. Kb4 $138 0-1

[Event "Troy (TCC/B/2/5)"]
[Site "?"]
[Date "1993.??.??"]
[Round "?"]
[White "Sukcharoenphon, K."]
[Black "Imai, Toshio"]
[Result "1-0"]
[WhiteElo "1625"]
[BlackElo "1750"]
[PlyCount "73"]
[EventDate "1993.??.??"]

{2/(5)} 1. e4 e5 2. Nf3 Nc6 3. Bb5 Bc5 4. O-O Nf6 5. Bxc6 dxc6 6. Nxe5 O-O 7.
d3 Bd6 8. Nf3 Bg4 9. Bg5 Be5 10. c3 c5 11. h3 Bxf3 12. Qxf3 Qd6 13. Nd2 Rad8
14. Nc4 Qe6 15. Nxe5 Qxe5 16. Bxf6 Qxf6 17. Qxf6 gxf6 18. Rfd1 Rfe8 19. f3 Kg7
20. Rd2 h5 21. Rad1 Kg6 22. Kf2 f5 23. exf5+ Kxf5 24. d4 c4 25. g3 Rd7 26. Re1
Rxe1 27. Kxe1 Re7+ 28. Re2 Re6 29. Rxe6 Kxe6 30. Ke2 b5 31. Ke3 f6 32. Kf4 c6
33. h4 a5 34. g4 hxg4 35. fxg4 b4 36. h5 b3 37. a3 1-0

[Event "Troy (TCC/B/5/1)"]
[Site "?"]
[Date "1993.??.??"]
[Round "?"]
[White "Sukcharoenphon, K."]
[Black "Fleming, William"]
[Result "1/2-1/2"]
[WhiteElo "1625"]
[BlackElo "1780"]
[PlyCount "101"]
[EventDate "1993.??.??"]

{5/(1)} 1. e4 e5 2. Nf3 Nc6 3. Bb5 a6 4. Bxc6 dxc6 5. d4 exd4 6. Qxd4 Qxd4 7.
Nxd4 Nf6 8. f3 Bd7 9. Be3 O-O-O 10. Ne2 h6 11. Nbc3 Bb4 12. Kf2 Be6 13. a3 Ba5
14. Rad1 Nd7 15. Nb1 Rhe8 16. Nd4 Bb6 17. Nxe6 Bxe3+ 18. Kxe3 Rxe6 19. Nc3 Rde8
20. Rd2 Nb6 21. b3 f5 22. Kf2 fxe4 23. Nxe4 Nd5 24. Re2 b6 25. Rhe1 Kb8 26. Ng3
Rxe2+ 27. Rxe2 Rxe2+ 28. Nxe2 c5 29. c4 Ne7 30. Ke3 Kc8 31. Ke4 Kd7 32. h4 Kd6
33. g4 c6 34. f4 Ke6 35. h5 Kf6 36. Ng3 b5 37. a4 bxc4 38. bxc4 a5 39. Nf5 Nc8
40. g5+ hxg5 41. fxg5+ Kxg5 42. Nxg7 Nb6 43. Ne6+ Kxh5 44. Nxc5 Nxc4 45. Kf5
Nd6+ 46. Ke6 Nb5 47. axb5 cxb5 48. Kd5 Kg4 49. Nd3 Kf3 50. Kc5 a4 51. Kxb5
1/2-1/2

[Event "Trenton (Mar)"]
[Site "?"]
[Date "1993.??.??"]
[Round "?"]
[White "Suess, J."]
[Black "Beydoun, M."]
[Result "0-1"]
[WhiteElo "1605"]
[BlackElo "1605"]
[PlyCount "82"]
[EventDate "1993.??.??"]

1. e4 c5 2. Nc3 d6 3. Bc4 Nf6 4. Nf3 e6 5. d3 a6 6. a4 Be7 7. d4 cxd4 8. Nxd4
O-O 9. b4 Qc7 10. Qd3 Nbd7 11. O-O Ne5 12. Nxe6 Bxe6 13. Qg3 Qxc4 14. Bh6 Ng6
15. Be3 Nxe4 16. Nxe4 Qxe4 17. c3 f5 18. Bd4 f4 19. Rae1 Qxe1 20. Rxe1 fxg3 21.
Rxe6 gxf2+ 22. Kf1 Bf6 23. Rxd6 Bxd4 24. cxd4 Rad8 25. Rxd8 Rxd8 26. Kxf2 Rxd4
27. b5 Rxa4 28. bxa6 Rxa6 29. Ke2 Rd6 30. g3 b5 31. h4 b4 32. Ke3 b3 33. h5 Nh4
34. gxh4 b2 35. Ke4 b1=Q+ 36. Ke5 Ra6 37. Kd5 Qb5+ 38. Ke4 Ra4+ 39. Ke3 Qb3+
40. Kd2 Ra2+ 41. Kc1 Qc2# 0-1

[Event "Trenton (Mar)"]
[Site "?"]
[Date "1993.??.??"]
[Round "?"]
[White "Sturgis, Derreck"]
[Black "Suess, J."]
[Result "0-1"]
[WhiteElo "1605"]
[BlackElo "1605"]
[PlyCount "52"]
[EventDate "1993.??.??"]

1. Nf3 d5 2. d4 Nf6 3. c4 e6 4. Nc3 Bb4 5. Bg5 Nbd7 6. Ne5 O-O 7. Rc1 h6 8. Bd2
Bxc3 9. Rxc3 Ne4 10. Rh3 Qf6 11. Ng4 Qxd4 12. e3 Qxb2 13. Nxh6+ gxh6 14. Qg4+
Qg7 15. Qe2 f5 16. f3 Qa1+ 17. Qd1 Qxd1+ 18. Kxd1 Nf2+ 19. Ke2 Nxh1 20. e4 fxe4
21. Bxh6 Rf7 22. cxd5 exd5 23. Ke3 Ne5 24. Rh5 Ng6 25. Rxd5 Be6 26. Re5 Nxe5
0-1

[Event "Trenton (Mar)"]
[Site "?"]
[Date "1993.??.??"]
[Round "?"]
[White "Sturgis, Derreck"]
[Black "Serwatowski, Felix"]
[Result "0-1"]
[WhiteElo "1605"]
[BlackElo "1605"]
[PlyCount "58"]
[EventDate "1993.??.??"]

1. Nf3 Nf6 2. d4 e6 3. c4 Be7 4. Nc3 b6 5. e4 O-O 6. e5 Ne8 7. d5 exd5 8. cxd5
Bb7 9. Bf4 d6 10. Rc1 dxe5 11. Bxe5 Nf6 12. Bc4 Bd6 13. Bxd6 Qxd6 14. Nb5 Re8+
15. Be2 Qb4+ 16. Nc3 Nxd5 17. O-O Nxc3 18. Rxc3 Qxb2 19. Rxc7 Be4 20. Bc4 Bg6
21. Qa4 Rd8 22. Ne5 Qxe5 23. Qb3 Qxc7 24. Bd5 Nc6 25. Rc1 Qe5 26. Bxc6 Rac8 27.
Qa4 Be4 28. Qc4 Bxc6 29. Kf1 Bb7 0-1